AOTY: Top 100 Singles of All Time - Statistics

General Stats
  • This quiz has been taken 44 times
  • The average score is 32 of 100
Answer Stats
Artist Album % Correct
Kendrick Lamar The Blacker the Berry
69%
Marvin Gaye What's Going On
62%
Michael Jackson Billie Jean
59%
Amy Winehouse Back to Black
55%
Outkast Ms. Jackson
55%
Prince & The Revolution Purple Rain
55%
Kendrick Lamar Alright
52%
Wu-Tang Clan C.R.E.A.M. (Cash Rules Everything Around Me)
52%
Madvillain Curls & All Caps
52%
Foo Fighters Everlong
52%
Kid Cudi Love.
52%
Metallica One
52%
Radiohead Paranoid Android
52%
Danny Brown Ain't It Funny
48%
Johnny Cash | Nine Inch Nails Hurt
48%
Radiohead Jigsaw Falling into Place
48%
Metallica Master of Puppets
48%
Soundgarden Black Hole Sun
45%
Portishead Glory Box
45%
Eminem Stan
45%
Fleetwood Mac The Chain
45%
Nas The World Is Yours
45%
Outkast B.O.B
41%
Rage Against the Machine Bulls On Parade
41%
Radiohead How to Disappear Completely
41%
Frank Sinatra My Way
41%
Radiohead No Surprises
41%
Mobb Deep Shook Ones, Pt. II
41%
Pink Floyd Time
41%
The Smashing Pumpkins 1979
38%
Pink Floyd Comfortably Numb
38%
Lauryn Hill Doo Wop (That Thing)
38%
Tracy Chapman Fast Car
38%
Cocteau Twins Heaven or Las Vegas
38%
David Bowie "Heroes"
38%
Ice Cube It Was a Good Day
38%
The Clash London Calling
38%
Stevie Wonder Sir Duke
38%
Beach House Space Song
38%
Depeche Mode Enjoy the Silence
34%
Lauryn Hill Ex-Factor
34%
Jeff Buckley Grace
34%
JPEGMAFIA HAZARD DUTY PAY!
34%
Nirvana Heart-Shaped Box
34%
Ween Ocean Man
34%
Björk Pagan Poetry
34%
Frank Ocean Pyramids
34%
Massive Attack Teardrop
34%
The Smiths There Is a Light That Never Goes Out
34%
Jamiroquai Virtual Insanity
34%
Jay-Z 4:44
31%
Jimi Hendrix All Along the Watchtower
31%
2Pac Changes
31%
David Bowie Lazarus
31%
Radiohead Let Down
31%
Television Marquee Moon
31%
Radiohead Nude
31%
My Bloody Valentine When You Sleep
31%
Chico Buarque Construção
28%
Bôa Duvet
28%
King Crimson Epitaph
28%
Björk Hidden Place
28%
Radiohead Idioteque
28%
George Harrison My Sweet Lord
28%
Gorillaz On Melancholy Hill
28%
Nina Simone Sinnerman
28%
D'Angelo Untitled (How Does It Feel)
28%
Massive Attack Angel
24%
Car Seat Headrest Beach Life-In-Death
24%
Björk Jóga
24%
Bob Dylan Like a Rolling Stone
24%
The Beatles Penny Lane / Strawberry Fields Forever
24%
Michael Jackson Rock With You
24%
The Avalanches Since I Left You
24%
Kendrick Lamar The Heart Part 5
24%
Daft Punk Digital Love
21%
Pink Floyd Echoes
21%
Björk Hyperballad
21%
Stevie Wonder Superstition
21%
Deftones Be Quiet and Drive (Far Away)
17%
New Order Blue Monday
17%
Gorillaz DoYaThing
17%
Jeff Buckley Forget Her
17%
Radiohead Reckoner
17%
The Microphones The Moon
17%
The Walkmen The Rat
17%
Slowdive Alison
14%
LCD Soundsystem All My Friends
14%
The Cure Just Like Heaven
14%
Beach House Myth
14%
Matt Maltese As the World Caves In
10%
Björk Bachelorette
10%
Nas Life's a Bitch
10%
DJ Shadow Midnight In a Perfect World
10%
Daft Punk Face to Face
7%
Arcade Fire Neighborhood #1 (Tunnels)
7%
Kate Bush Cloudbusting
3%
King Crimson The Court of the Crimson King (Parts 1 & 2)
3%
Weyes Blood God Turn Me Into a Flower
0%
No matching quizzes found
Score Distribution
Percent of People with Each Score
Percentile by Number Answered
Your Score History
You have not taken this quiz